| 000 | 00979nam a2200265Ia 4500 | ||
|---|---|---|---|
| 003 | OSt | ||
| 005 | 20220918111030.0 | ||
| 006 | a|||||r|||| 00| 0 | ||
| 007 | ta | ||
| 008 | 220915b |||||||| |||| 00| 0 san d | ||
| 020 | _c1200 | ||
| 024 | _a20,154 | ||
| 037 |
_b414, 12/03/2015, Vidyanidhi Prakashan _cReference Collections |
||
| 040 |
_aARTS _cARTS _bsan |
||
| 041 |
_2san _asan |
||
| 082 | _aQ29M75:21, 152Q4.1-.2(RR) | ||
| 100 |
_aदयानन्द सरस्वती _99023 |
||
| 245 | 0 | _aसत्यार्थ प्रकाश | |
| 246 | _aSatyārtha prakāsha | ||
| 260 |
_aहरियाणा _bसत्यधर्म प्रकाशन भारत _c2014 |
||
| 490 | _vपूर्वार्द्ध | ||
| 650 | _aधर्म | ||
| 942 |
_hQ29M75:21, 152Q4.1-.2(RR) _cREF |
||
| 999 |
_c116541 _d116541 |
||